| 000 | 00509cam a2200193 4500 | ||
|---|---|---|---|
| 001 | J110644 | ||
| 008 | 000000n2000 000 0 eng u | ||
| 035 | _a(Sirsi) u110644 | ||
| 050 | _a333.337 | ||
| 110 |
_aCB Hillier Parker _93660 |
||
| 245 | _aTelehouses briefing paper - April 2000 | ||
| 260 |
_aLondon _bCB Hiller Parker _c2000 |
||
| 300 | _a4p. ; 30cm. | ||
| 650 | _aTELEWORKING | ||
| 650 | _aCALL CENTRES | ||
| 650 | _aBUSINESS CENTRES | ||
| 690 | _aPROPERTY-COMMERCIAL PROPERTY | ||
| 942 | _n0 | ||
| 999 |
_c101122 _d101122 |
||